000 00509nam a2200181 i 4500
001 124094
003 ES-MaACL
005 20230906192323.0
007 t|
008 070214s1969 sp a |||| | glg d
080 _a372.465.15
100 1 _aRamón e Fernández-Oxea, Xosé.
_995213
245 1 0 _aCatón galego /
_cBen-Cho-Shey [seud.].
260 _aLa Coruña :
_bDo Castro,
_c1969.
300 _a49 h. :
_bil. ;
_c23 cm.
650 4 _aLectura-
_vLibros escolares.
_914067
852 _aES-MaACL
_jC-46787
999 _c124094
_d124094